000 00511nam a2200169 i 4500
001 59359
003 ES-MaACL
005 20230906164022.0
007 t|
008 031028s1980 sp ||||1| spa d
100 1 _aElitis, Odiseas.
_947000
245 1 0 _aCanto heróico y fúnebre por el subteniente caido en Albania /
_cOdiseo Elytis.
250 _aEd. bilingüe.
260 _a[Ciudad Real] :
_bMuseo de Ciudad Real,
_c[1980]
300 _aXVI, 28 fol. ;
_c22 cm.
852 _aES-MaACL
_j2115-F-10
_bR.100414
999 _c59359
_d59359